La Madonna nel pensiero di san Bernardo e dei primi cistercensi (Record n. 27352)

Dettagli MARC
000 -LEADER
fixed length control field 00596nam a2200253Ia 4500
003 - CONTROL NUMBER IDENTIFIER
control field IT-RoPAU
005 - DATE AND TIME OF LATEST TRANSACTION
control field 20220918175730.0
008 - FIXED-LENGTH DATA ELEMENTS--GENERAL INFORMATION
fixed length control field 120407s9999 xx 000 0 und d
040 ## - CATALOGING SOURCE
Original cataloging agency IT-RoPAU
040 ## - CATALOGING SOURCE
Transcribing agency IT-RoPAU
041 ## - LANGUAGE CODE
Language code of text/sound track or separate title ita
100 ## - MAIN ENTRY--PERSONAL NAME
Personal name Benedettine di Rosario
9 (RLIN) 35564
245 ## - TITLE STATEMENT
Title La Madonna nel pensiero di san Bernardo e dei primi cistercensi
250 ## - EDITION STATEMENT
Edition statement Milano
260 ## - PUBLICATION, DISTRIBUTION, ETC. (IMPRINT)
Place of publication, distribution, etc. Edizioni Paoline
260 ## - PUBLICATION, DISTRIBUTION, ETC. (IMPRINT)
Date of publication, distribution, etc. 1989
300 ## - PHYSICAL DESCRIPTION
Extent 178 p.
300 ## - PHYSICAL DESCRIPTION
Other physical details si
300 ## - PHYSICAL DESCRIPTION
Dimensions 18 cm
490 ## - SERIES STATEMENT
Series statement La parola e le parole,15
490 ## - SERIES STATEMENT
Volume/sequential designation 1
942 ## - ADDED ENTRY ELEMENTS (KOHA)
Koha item type LIBRO
Source of classification or shelving scheme Dewey Decimal Classification
Dati di copia
Withdrawn status Lost status Source of classification or shelving scheme Damaged status Not for loan Home library Current library Date acquired Total Checkouts Full call number Date last seen Price effective from Koha item type Public note
    Dewey Decimal Classification Buone Condizioni Not For Loan PAULUS-BIBLIOTECA PAULUS-BIBLIOTECA 11/04/2012   263.8.115 11/04/2012 11/04/2012 LIBRO Inserito da: Carla In data: 24 ottobre 2011 fondo: Via A.Severo 56 Progr:20028
CREDITS: SOCIETA' SAN PAOLO Via A.Severo, 58 - ROMA (RM) & PERIODICI SAN PAOLO SRL Via Giotto, 36 MILANO & CISF Via Giotto, 36 MILANO & EDIZIONI SAN PAOLO SRL,  Piazza Soncino, 5 CINISELLO BALSAMO (MI) -- ITALY